Mr. Forgettable Lyrics - Statistics

General Stats
  • This quiz has been taken 22 times
  • The average score is 186 of 236
Answer Stats
Answer % Correct
a
100%
for
100%
I
100%
i
100%
mr
100%
Mr
100%
(mr
100%
the
100%
you
100%
do
93%
forgettable
93%
forgettable)
93%
me
93%
are
86%
be
86%
forgettable
86%
i'm
86%
im
86%
know
86%
lonely?
86%
lonely
86%
my
86%
(oh
86%
oh
86%
oh)
86%
have
79%
hello
79%
in
79%
is
79%
it's
79%
just
79%
right
79%
right?
79%
some
79%
sorry
79%
to
79%
your
79%
and
71%
around
71%
But
71%
come
71%
like
71%
love
71%
now
71%
any
64%
call
64%
called
64%
chemicals
64%
clouds
64%
dog
64%
head
64%
lost
64%
of
64%
pray
64%
that
64%
what
64%
when
64%
you're
64%
all
57%
been
57%
did
57%
don't
57%
memorize
57%
part
57%
patience
57%
that's
57%
times
57%
try
57%
waiting
57%
about
50%
eyes
50%
foggy
50%
getting
50%
hundred
50%
identify
50%
kitchen
50%
look
50%
name?
50%
there
50%
they
50%
used
50%
change?
43%
heart
43%
recognize
43%
there's
43%
while
43%
face
36%
fights
36%
he's
36%
hides
36%
new
36%
old
36%
still
36%
No matching quizzes found
Score Distribution
Percent of People with Each Score
Percentile by Number Answered
Your Score History
You have not taken this quiz